000 00523cam a22001931 4500
001 ne 68004422
003 DLC
005 20260227111849.0
008 060824s1964 tu 000 0 tur
010 _ane 68004422
040 _aDLC
_cDLC
_dDLC
050 0 0 _aPL248.K34
_bD5 1964
100 1 _aKaray, Refik Halit,
_d1888-1965.
245 1 0 _aDişi örümcek;
_broman.
250 _a2. basılış.
260 _aİstanbul,
_bİnkılâp ve Aka Kitabevleri
_c[1964]
300 _a242 p.
_c20 cm.
490 0 _aHis Külliyat,
_v3
999 _c51003
_d51003